000
00304 a2200133 4500
001
194984
040
_c
Magnum
100
_a
Kinney, Jeff
240
1
0
_a
O diário de um Banana
_l
por
245
1
0
_a
O diário de um Banana
300
_a
33
697
_a
LITERATURA INFANTO-JUVENIL ESTRANGEIRA
942
_c
BK
999
_c
194984
_d
194984